000 00755nam a2200217Ii 4500
003 JO-AjNU
008 230605s9999||||xx |||||||||||||| ||und||
017 _a87/4014
020 _a977-103-363-8
040 _aJO-AjNU
_bara
_erda
_cJO-AjNU
041 _aara
050 1 4 _aBP144
100 3 _aالشواربي،عبد الحميد,
_eauthor
_915970
245 0 0 _aجريمة شرب الخمر في الشريعة الاسلامية والقانون الوضعي
264 3 1 _aالاسكندرية: منشأة المعارف، د.ت
300 _a75ص
336 _atext
_btxt
_2rdacontent
337 _aunmediated
_bn
_2rdamedia
338 _avolume
_bnc
_2rdacarrier
650 4 _aالجرائم- الخمور- الشريعة الاسلامية
_915971
999 _aA4631
_c8199
_d8199